Multiple Choice City Quiz – Antwerp - Statistics

General Stats
  • This quiz has been taken 110 times
  • The average score is 5 of 10
Answer Stats
Question Answer % Correct
What was hosted in Antwerp back at 1920? Summer Olympics
83%
What famous gemstone is Antwerp the hub of trading said gemstone? Diamond
82%
What is Deurne? A district.
78%
What river flows through Antwerp? Scheldt
66%
What building is the Museum aan de Stroom?
64%
The Port Authority Building / Port House is built in what style? Neo-Futuristic
46%
Who was the Antwerp-born author of, "De Leeuw van Vlaanderen"? Hendrik Conscience
37%
Antwerp is one of two European cities with what? A considerably sized Haredi population.
23%
What Japanese city has a sister port with Antwerp? Nagoya
23%
Antwerp was the first city to host the what? World Gymnastic Championships
17%
No matching quizzes found
Score Distribution
Percent of People with Each Score
Percentile by Number Answered
Your Score History
You have not taken this quiz